000 00536nam a22001817a 4500
008 151130b xxu||||| |||| 00| 0 eng d
020 _a9781285052458
082 _aDC 410
_bF495
100 _9697
_aFinegan, Edward
245 _aLanguage:
_bIts structure and use/
_cEdward Finegan.
250 _aSeventh Edition
260 _aUSA:
_bCengage Learning,
_cc2015.
300 _axxiii, 575 pages:
_bIllustrations;
_c23 cm.
500 _aIncludes Index.
650 0 _94654
_aLanguage and languages
365 _b9,100.00
_cPhp
942 _2ddc
_cDC
999 _c297
_d297